[Event "87th ch-Paris IdF open FIDE"]
[Site "Paris"]
[Date "2012.07.07"]
[Round "1.2"]
[White "Bernard, Christophe (*52)"]
[Black "Le Roux, Jean-Pierre"]
[Result "1/2-1/2"]
[WhiteElo "2290"]
[BlackElo "2559"]
[PlyCount "125"]
[EventDate "2012.07.07"]

1. d4 Nf6 2. Nf3 g6 3. c4 Bg7 4. Nc3 d5 5. e3 O-O 6. Qb3 e6 7. Bd2 b6 8. cxd5
exd5 9. Qa3 Re8 10. b4 a6 11. Bb5 c6 12. Be2 Bf8 13. Qb3 Nbd7 14. O-O Bd6 15.
Rfc1 Qe7 16. Rab1 b5 17. Nd1 Nb6 18. Nb2 Nc4 19. Be1 Bf5 20. Ra1 Ng4 21. h3 Nf6
22. a4 Ne4 23. Nd3 Bc7 24. Ra2 Qd6 25. Rca1 Rac8 26. axb5 axb5 27. Ra6 Ned2 28.
Bxd2 Nxd2 29. Qc3 Nc4 30. Nde5 Bb8 31. Bd3 Be6 32. Bxc4 dxc4 33. e4 f6 34. Nxc6
Rxc6 35. Rxc6 Qxc6 36. d5 Bxd5 37. exd5 Qxd5 38. Qxf6 Rf8 39. Qc3 Re8 40. Kf1
Bd6 41. Qd4 Qxd4 42. Nxd4 Bxb4 43. Rb1 Ba5 44. f3 b4 45. Nc6 Bc7 46. Rxb4 c3
47. Nd4 Be5 48. Rc4 Bxd4 49. Rxd4 Rc8 50. Rd1 Kf7 51. Ke2 Ke6 52. Rc1 Ke5 53.
Ke3 g5 54. Rc2 h5 55. g3 h4 56. gxh4 gxh4 57. Kd3 Rf8 58. Ke3 Rc8 59. Kd3 Kf4
60. Rxc3 Re8 61. Rc4+ Kg3 62. Rg4+ Kxf3 63. Rxh4 1/2-1/2

[Event "87th ch-Paris IdF open FIDE"]
[Site "Paris"]
[Date "2012.07.07"]
[Round "1.3"]
[White "Strikovic, Aleksa"]
[Black "AlHuwar, Jasem"]
[Result "0-1"]
[WhiteElo "2559"]
[BlackElo "2285"]
[PlyCount "83"]
[EventDate "2012.07.07"]

1. c4 Nf6 2. Nc3 g6 3. e4 d6 4. d4 Bg7 5. f3 O-O 6. Bg5 c5 7. d5 h6 8. Be3 Re8
9. Qd2 Kh7 10. Nge2 Nbd7 11. Ng3 Nf8 12. Be2 a6 13. a4 e5 14. a5 b6 15. axb6
Qxb6 16. O-O Qb8 17. Ra5 Ra7 18. Rb1 Ree7 19. Bd1 Ng8 20. Bc2 h5 21. b4 cxb4
22. Na2 Bh6 23. Nxb4 Bxe3+ 24. Qxe3 Reb7 25. Raa1 Ne7 26. Ne2 Qc7 27. Qc3 Nd7
28. Nd3 Nc5 29. Nec1 f5 30. Nb3 Nxd3 31. Bxd3 a5 32. c5 a4 33. Nd2 Rxb1+ 34.
Bxb1 Ra5 35. c6 Qb6+ 36. Kf1 Rc5 37. Qa3 Ba6+ 38. Bd3 Rc2 39. Ke2 Qd4 40. Rd1
Ra2 41. Qxa2 Bxd3+ 42. Ke1 0-1

[Event "87th ch-Paris IdF open FIDE"]
[Site "Paris"]
[Date "2012.07.07"]
[Round "1.4"]
[White "Houhou, Olivier"]
[Black "Guliyev, Namig"]
[Result "0-1"]
[WhiteElo "2282"]
[BlackElo "2539"]
[PlyCount "129"]
[EventDate "2012.07.07"]

1. e4 c5 2. Nf3 d6 3. d4 cxd4 4. Qxd4 a6 5. c4 Nc6 6. Qe3 Bg4 7. Be2 g6 8. O-O
Bg7 9. Nc3 Nf6 10. Rb1 O-O 11. Rd1 Nd7 12. b3 Rb8 13. Bb2 Bxf3 14. Bxf3 b5 15.
cxb5 axb5 16. Nd5 b4 17. Bxg7 Kxg7 18. Rbc1 Nce5 19. Qd4 Qa5 20. Nxe7 Nf6 21.
Nc6 Nxf3+ 22. gxf3 Qg5+ 23. Kh1 Rb5 24. Nxb4 Qf4 25. Nd5 Qxf3+ 26. Kg1 Rxd5 27.
exd5 Ra8 28. Rc3 Qh5 29. a4 Ra5 30. Rcd3 Rxd5 31. Qxf6+ Kxf6 32. Rxd5 Qg4+ 33.
Kf1 Qh3+ 34. Kg1 Qxb3 35. Rxd6+ Kg7 36. R6d4 h5 37. h4 Qc3 38. R1d3 Qe1+ 39.
Kg2 Qe5 40. Rc4 Kh6 41. Rdd4 f6 42. Re4 Qd5 43. Rcd4 Qc6 44. Rc4 Qb7 45. Rb4
Qa8 46. Kg1 Qd8 47. Red4 Qa5 48. Rf4 Qe5 49. Rfe4 Qc3 50. Kg2 Qc5 51. Rbc4 Qd5
52. Rcd4 Qc6 53. Rc4 Qa6 54. f4 Qb7 55. Kg3 Qd7 56. f5 Qxf5 57. Rf4 Qe5 58. Kf3
Qd6 59. Ke3 g5 60. hxg5+ fxg5 61. Rfd4 Qe7+ 62. Re4 Qa3+ 63. Kd4 h4 64. Ke5 h3
65. a5 0-1

[Event "87th ch-Paris IdF open FIDE"]
[Site "Paris"]
[Date "2012.07.07"]
[Round "1.5"]
[White "Shchekachev, Andrei"]
[Black "Le Quang, Kim"]
[Result "1/2-1/2"]
[WhiteElo "2528"]
[BlackElo "2282"]
[PlyCount "103"]
[EventDate "2012.07.07"]

1. Nf3 d6 2. d4 Bg4 3. c4 Nd7 4. Nc3 g6 5. e3 Bg7 6. Be2 Ngf6 7. h3 Bxf3 8.
Bxf3 c6 9. O-O O-O 10. Rb1 a5 11. b3 Qc7 12. e4 e5 13. d5 Nc5 14. Be3 Nfd7 15.
Qd2 Rfe8 16. Rfd1 Bf8 17. Qc2 Nb6 18. g3 Be7 19. Bg2 Bf8 20. h4 Nbd7 21. h5 Nf6
22. hxg6 hxg6 23. Bf3 Qc8 24. Kg2 Ng4 25. Bxg4 Qxg4 26. Rh1 Qd7 27. Rbd1 Qe7
28. Rh4 Bg7 29. Rdh1 Nd7 30. g4 Nf8 31. g5 f6 32. gxf6 Bxf6 33. R4h3 g5 34. Ne2
Ng6 35. Ng3 Nh4+ 36. Rxh4 gxh4 37. Nf5 Qh7 38. Qe2 Kh8 39. Qf3 Rg8+ 40. Kf1 Rg6
41. Nxd6 cxd5 42. cxd5 a4 43. bxa4 Kg8 44. Qf5 Rf8 45. Rg1 Rxg1+ 46. Kxg1 Qxf5
47. exf5 Ra8 48. Nxb7 Rxa4 49. d6 Rxa2 50. Kg2 Ra1 51. Nc5 Rd1 52. Ne4 1/2-1/2

[Event "87th ch-Paris IdF open FIDE"]
[Site "Paris"]
[Date "2012.07.07"]
[Round "1.6"]
[White "Lamorelle, Julien"]
[Black "Chabanon, Jean-Luc"]
[Result "0-1"]
[WhiteElo "2277"]
[BlackElo "2481"]
[PlyCount "123"]
[EventDate "2012.07.07"]

1. e4 c5 2. Nf3 d6 3. d4 cxd4 4. Nxd4 Nf6 5. Nc3 g6 6. Be3 Bg7 7. f3 O-O 8. Qd2
Nc6 9. O-O-O d5 10. Kb1 e6 11. h4 Nxd4 12. Bxd4 dxe4 13. Bc5 Qxd2 14. Rxd2 exf3
15. gxf3 Bh6 16. Rd1 b6 17. Bxf8 Kxf8 18. Bd3 Bb7 19. Be4 Nxe4 20. Nxe4 Ke7 21.
Rd3 Bf4 22. c4 Bc6 23. Nc3 Rc8 24. Kc2 Be8 25. Kb3 Rc5 26. a4 Rh5 27. Nb5 a6
28. Nc3 g5 29. Ne2 Bc7 30. Rdd1 gxh4 31. Rh3 Ra5 32. Kc2 Bxa4+ 33. b3 Bc6 34.
Nd4 Bd7 35. Rxh4 e5 36. Ne2 Ra2+ 37. Kd3 Bf5+ 38. Ke3 Bd6 39. Rxd6 Kxd6 40. Nc3
Rb2 41. Rh6+ Bg6 42. Ne4+ Ke7 43. Nd2 f5 44. f4 exf4+ 45. Kd3 a5 46. Rh1 Ra2
47. Rf1 Kf6 48. Rf2 Ra1 49. Kd4 a4 50. bxa4 Rxa4 51. Rxf4 Bf7 52. Ne4+ Kg6 53.
Nd6 Bxc4 54. Rf2 Bf7+ 55. Ke5 Ra5+ 56. Kf4 Rd5 57. Nxf7 Kxf7 58. Rc2 b5 59. Kg5
Ke6 60. Rh2 Ke5 61. Rxh7 Kd4 62. Rh1 0-1

[Event "87th ch-Paris IdF open FIDE"]
[Site "Paris"]
[Date "2012.07.07"]
[Round "1.7"]
[White "Renet, Olivier"]
[Black "Borisov, Yuri"]
[Result "1/2-1/2"]
[WhiteElo "2472"]
[BlackElo "2277"]
[PlyCount "59"]
[EventDate "2012.07.07"]

1. e4 e6 2. d4 d5 3. Nc3 dxe4 4. Nxe4 Nd7 5. Nf3 Ngf6 6. Nxf6+ Nxf6 7. Bd3 Be7
8. Qe2 O-O 9. O-O b6 10. Bg5 Bb7 11. Rad1 h6 12. Bf4 Nh5 13. Be3 Bd6 14. Ne5
Qh4 15. f4 Nf6 16. Bd2 Rad8 17. b4 c5 18. Be1 Qh5 19. Qxh5 Nxh5 20. Bh4 g5 21.
fxg5 hxg5 22. Bxg5 f6 23. Be2 fxg5 24. Bxh5 cxd4 25. Nf7 Rd7 26. Nxd6 Rxd6 27.
Rxf8+ Kxf8 28. Rf1+ Kg8 29. Bg6 Kg7 30. Bd3 1/2-1/2

[Event "87th ch-Paris IdF open FIDE"]
[Site "Paris"]
[Date "2012.07.07"]
[Round "1.8"]
[White "Le Roy, Brice"]
[Black "Demuth, Adrien"]
[Result "0-1"]
[WhiteElo "2270"]
[BlackElo "2460"]
[PlyCount "104"]
[EventDate "2012.07.07"]

1. e4 c5 2. Nf3 Nc6 3. d4 cxd4 4. Nxd4 Nf6 5. Nc3 d6 6. h3 e5 7. Nf3 h6 8. g4
Be7 9. Be3 Be6 10. g5 hxg5 11. Nxg5 d5 12. exd5 Bxd5 13. Nxd5 Nxd5 14. Bc4 Qa5+
15. Bd2 Qc5 16. Bxd5 Qxd5 17. Qf3 O-O-O 18. Qxd5 Rxd5 19. Be3 Bxg5 20. Bxg5 Nd4
21. O-O-O Ne2+ 22. Kb1 Rxh3 23. c3 Nf4 24. Kc2 Rxd1 25. Rxd1 Rf3 26. Rd2 f6 27.
Bxf4 Rxf4 28. Kd1 g5 29. Ke2 g4 30. Rd3 Kc7 31. Rd1 b6 32. Rd3 a5 33. Rd1 Rf3
34. Rg1 f5 35. Rd1 e4 36. Rd5 Kc6 37. Re5 Kd6 38. Rb5 Kc7 39. Re5 Kc6 40. a4
Kd6 41. Rb5 Ke6 42. Rxb6+ Ke5 43. Rb5+ Kf4 44. Rxa5 e3 45. fxe3+ Rxe3+ 46. Kf1
g3 47. Rd5 Ke4 48. Rd2 f4 49. Kg2 Kf5 50. Kh3 Re1 51. Rd8 Rh1+ 52. Kg2 Rh2+
0-1

[Event "87th ch-Paris IdF open FIDE"]
[Site "Paris"]
[Date "2012.07.07"]
[Round "1.11"]
[White "D'Costa, Lorin AR"]
[Black "Petermann, Michail"]
[Result "1-0"]
[WhiteElo "2434"]
[BlackElo "2259"]
[PlyCount "49"]
[EventDate "2012.07.07"]

1. d4 d5 2. c4 e6 3. Nf3 Nf6 4. g3 dxc4 5. Bg2 a6 6. O-O b5 7. Ne5 Nd5 8. a4
Bb7 9. e4 Nf6 10. axb5 axb5 11. Rxa8 Bxa8 12. Nc3 c6 13. d5 Bd6 14. Ng4 cxd5
15. Nxf6+ Qxf6 16. Nxb5 Qe7 17. Qa4 Bc6 18. exd5 exd5 19. Nxd6+ Qxd6 20. Re1+
Kd8 21. Qa7 Qc7 22. Qd4 Re8 23. Rxe8+ Kxe8 24. Bf4 Qb7 25. Qe5+ 1-0

[Event "87th ch-Paris IdF open FIDE"]
[Site "Paris"]
[Date "2012.07.07"]
[Round "1.12"]
[White "Bonnet, Edouard"]
[Black "Zhou, Yang-Fan"]
[Result "0-1"]
[WhiteElo "2255"]
[BlackElo "2427"]
[PlyCount "106"]
[EventDate "2012.07.07"]

1. e4 c5 2. Nf3 d6 3. d4 Nf6 4. Nc3 cxd4 5. Nxd4 g6 6. Be3 a6 7. f3 b5 8. Qd2
Bb7 9. O-O-O Nbd7 10. g4 h6 11. a3 Rc8 12. h4 Ne5 13. Be2 h5 14. g5 Nfd7 15. f4
Nc4 16. Bxc4 Rxc4 17. f5 Bg7 18. fxg6 fxg6 19. Rhf1 Nc5 20. b3 Rxc3 21. Qxc3
Nxe4 22. Qb4 Qc8 23. Ne2 Bc3 24. Nxc3 Nxc3 25. Kb2 Nxd1+ 26. Rxd1 O-O 27. Qd4
Qg4 28. Qd3 Be4 29. Qd4 Bf3 30. Rd2 Qxd4+ 31. Rxd4 Bg4 32. Rf4 Bf5 33. Rf2 Rc8
34. c3 Kf7 35. Rf4 e5 36. Rf2 Ke6 37. Rd2 Rc6 38. Ba7 Rc8 39. Bb6 d5 40. Re2
Kd6 41. Bg1 Rf8 42. Kc1 Rf7 43. Kd2 Ke6 44. Be3 a5 45. Bb6 Bg4 46. Rf2 b4 47.
a4 bxc3+ 48. Kxc3 d4+ 49. Kc4 Kd6 50. Kb5 Bd1 51. Kxa5 Bxb3 52. Kb5 Kd5 53. a5
e4 0-1

[Event "87th ch-Paris IdF open FIDE"]
[Site "Paris"]
[Date "2012.07.07"]
[Round "1.13"]
[White "Roser, Kevin"]
[Black "Plump, Detlef"]
[Result "1-0"]
[WhiteElo "2423"]
[BlackElo "2252"]
[PlyCount "61"]
[EventDate "2012.07.07"]

1. e4 c5 2. Nf3 e6 3. d4 cxd4 4. Nxd4 a6 5. Bd3 Nf6 6. O-O Qc7 7. Qe2 Bd6 8.
Kh1 Nc6 9. Nxc6 dxc6 10. f4 e5 11. f5 b5 12. a4 Bb7 13. Be3 O-O 14. Nd2 c5 15.
b3 c4 16. bxc4 bxc4 17. Nxc4 Bxe4 18. Bxe4 Nxe4 19. Nb6 Rab8 20. Qxa6 Qxc2 21.
a5 Rfd8 22. Qb5 Qc3 23. Bg1 Bf8 24. Qe2 Nc5 25. Rfc1 Qd3 26. Qxd3 Nxd3 27. Rd1
e4 28. a6 Bd6 29. a7 Ra8 30. Nxa8 Rxa8 31. Ra4 1-0

[Event "87th ch-Paris IdF open FIDE"]
[Site "Paris"]
[Date "2012.07.08"]
[Round "2.1"]
[White "White, Michael JR"]
[Black "Fedorchuk, Sergey A"]
[Result "0-1"]
[WhiteElo "2339"]
[BlackElo "2630"]
[PlyCount "66"]
[EventDate "2012.07.07"]

1. e4 c5 2. Nf3 e6 3. Nc3 a6 4. d4 cxd4 5. Nxd4 Qc7 6. Bd3 Bc5 7. Nb3 Be7 8.
Qg4 g6 9. Bg5 h5 10. Qh4 d6 11. Bxe7 Qxe7 12. Qg3 Nf6 13. O-O-O h4 14. Qe3 b5
15. Qb6 Qd8 16. Qe3 Nbd7 17. f4 Qb6 18. Qe2 b4 19. Nb1 a5 20. N1d2 a4 21. Nc4
Qc7 22. Nd4 Ba6 23. e5 Bxc4 24. exf6 Bxd3 25. Rxd3 Nc5 26. Nb5 Nxd3+ 27. Qxd3
Qc6 28. Nxd6+ Kf8 29. Re1 b3 30. c4 bxa2 31. Kc2 a3 32. bxa3 Rd8 33. Rxe6 a1=Q
0-1

[Event "87th ch-Paris IdF open FIDE"]
[Site "Paris"]
[Date "2012.07.08"]
[Round "2.2"]
[White "Guliyev, Namig"]
[Black "Vuilleumier, Alexandre"]
[Result "1-0"]
[WhiteElo "2539"]
[BlackElo "2339"]
[PlyCount "57"]
[EventDate "2012.07.07"]

1. e4 c5 2. Nf3 d6 3. d4 cxd4 4. Nxd4 Nf6 5. Nc3 g6 6. Be2 Bg7 7. O-O O-O 8.
Re1 Nc6 9. Nb3 a5 10. a4 Nb4 11. Bf1 d5 12. e5 Ne4 13. Nb5 Bf5 14. c3 Nxf2 15.
Kxf2 Nc2 16. Bf4 f6 17. e6 Nxa1 18. Qxa1 g5 19. Bc7 Qc8 20. Nc5 Ra6 21. Nd7
Rxe6 22. Nxf8 Bxf8 23. Rxe6 Bxe6 24. Qe1 Bf7 25. Bxa5 Qa8 26. Bb4 Qxa4 27. Bxe7
Qc2+ 28. Kg1 Qxb2 29. Bxf6 1-0

[Event "87th ch-Paris IdF open FIDE"]
[Site "Paris"]
[Date "2012.07.08"]
[Round "2.3"]
[White "Chabanon, Jean-Luc"]
[Black "Larsen, Karsten"]
[Result "1/2-1/2"]
[WhiteElo "2481"]
[BlackElo "2331"]
[PlyCount "119"]
[EventDate "2012.07.07"]

1. Nf3 Nf6 2. d4 d5 3. c4 e6 4. Nc3 Bb4 5. e3 c5 6. Bd3 Nc6 7. O-O O-O 8. a3
Bxc3 9. bxc3 dxc4 10. Bxc4 Qc7 11. a4 Rd8 12. Qe2 b6 13. Ba3 Bb7 14. h3 h6 15.
Rfd1 Rac8 16. dxc5 bxc5 17. Ba6 Rxd1+ 18. Rxd1 Ne4 19. Bxb7 Qxb7 20. Qc2 Na5
21. Ne5 Qb3 22. Qxb3 Nxb3 23. Rd7 f6 24. Nc4 Rb8 25. Rd3 Nc1 26. Bxc1 Rb1 27.
Rd8+ Kh7 28. Rd1 Nxc3 29. Na3 Rxc1 30. Rxc1 Ne2+ 31. Kf1 Nxc1 32. a5 a6 33. Ke1
Nd3+ 34. Kd2 Nb4 35. Kc3 Nc6 36. Kc4 Nxa5+ 37. Kxc5 Nb3+ 38. Kc4 Na5+ 39. Kc5
Kg6 40. Kb6 Nb3 41. Kxa6 Nc5+ 42. Kb6 Nd3 43. f4 Kf5 44. Nc4 Ke4 45. Kc7 Ne1
46. g4 Ng2 47. Kd7 Nxe3 48. Nd6+ Kxf4 49. Kxe6 Nxg4 50. hxg4 Kxg4 51. Nf5 h5
52. Nxg7 h4 53. Nf5 h3 54. Ne3+ Kf4 55. Nf1 f5 56. Kf6 Kg4 57. Ke5 Kf3 58. Kxf5
Kf2 59. Kg4 Kxf1 60. Kxh3 1/2-1/2

[Event "87th ch-Paris IdF open FIDE"]
[Site "Paris"]
[Date "2012.07.08"]
[Round "2.4"]
[White "Demuth, Adrien"]
[Black "Griffiths, Ryan Rhys"]
[Result "1/2-1/2"]
[WhiteElo "2460"]
[BlackElo "2326"]
[PlyCount "50"]
[EventDate "2012.07.07"]

1. d4 Nf6 2. c4 e6 3. Nc3 Bb4 4. e3 O-O 5. Nf3 d5 6. Bd3 c5 7. O-O dxc4 8. Bxc4
Nbd7 9. a3 Ba5 10. Qe2 cxd4 11. exd4 Bxc3 12. bxc3 Qc7 13. Bg5 b6 14. Rac1 Bb7
15. Bd3 Rfe8 16. Rfe1 Rac8 17. Bh4 Qf4 18. Bg3 Qg4 19. Ne5 Qxe2 20. Rxe2 Nxe5
21. Bxe5 Red8 22. Rec2 Nd7 23. Bd6 Nf6 24. Be5 Nd7 25. Bd6 Nf6 1/2-1/2

[Event "87th ch-Paris IdF open FIDE"]
[Site "Paris"]
[Date "2012.07.08"]
[Round "2.5"]
[White "Kilpatrick, Callum"]
[Black "D'Costa, Lorin AR"]
[Result "1/2-1/2"]
[WhiteElo "2321"]
[BlackElo "2434"]
[PlyCount "71"]
[EventDate "2012.07.07"]

1. e4 c5 2. Nf3 e6 3. g3 Nc6 4. Bg2 Nf6 5. Qe2 d5 6. exd5 Nxd5 7. O-O Be7 8.
Rd1 Bf6 9. Nc3 O-O 10. Ne4 Nd4 11. Nxd4 cxd4 12. c4 Nb4 13. Nxf6+ Qxf6 14. d3
Nc6 15. Bd2 a5 16. Re1 Re8 17. b3 e5 18. h3 Bd7 19. a3 Qd6 20. Qe4 Be6 21. f4
Qd7 22. Kh2 exf4 23. Qxf4 Bf5 24. Bf1 f6 25. g4 Bg6 26. Qg3 Re7 27. Bf4 Rae8
28. Rad1 h6 29. Rxe7 Rxe7 30. Re1 h5 31. gxh5 Bxh5 32. Bg2 Rxe1 33. Qxe1 Qf5
34. Bd5+ Bf7 35. Qe4 Qd7 36. Bxf7+ 1/2-1/2

[Event "87th ch-Paris IdF open FIDE"]
[Site "Paris"]
[Date "2012.07.08"]
[Round "2.6"]
[White "Zhou, Yang-Fan"]
[Black "AlHuwar, Jasem"]
[Result "1-0"]
[WhiteElo "2427"]
[BlackElo "2285"]
[PlyCount "77"]
[EventDate "2012.07.07"]

1. e4 e6 2. d4 d5 3. Nd2 dxe4 4. Nxe4 Nd7 5. g3 Ngf6 6. Nxf6+ Nxf6 7. Bg2 e5 8.
Nf3 exd4 9. Qxd4 Be7 10. O-O O-O 11. Re1 c6 12. Bf4 Nd5 13. Rad1 Qa5 14. Bd2
Bb4 15. Bxb4 Qxb4 16. c4 Nf6 17. a3 Qa5 18. Qe5 Qxe5 19. Nxe5 Be6 20. b4 Rad8
21. a4 a6 22. a5 Nd7 23. Nxd7 Rxd7 24. Rxd7 Bxd7 25. f4 Be6 26. Rc1 g6 27. b5
Rc8 28. bxa6 bxa6 29. c5 Bd5 30. Bxd5 cxd5 31. Kf2 d4 32. Ke2 Kf8 33. Kd3 Ke7
34. Kxd4 Rd8+ 35. Kc4 Rd2 36. Rb1 Ra2 37. Rb7+ Kf8 38. c6 Ra4+ 39. Kb3 1-0

[Event "87th ch-Paris IdF open FIDE"]
[Site "Paris"]
[Date "2012.07.08"]
[Round "2.7"]
[White "Rindlisbacher, Lars"]
[Black "Roser, Kevin"]
[Result "0-1"]
[WhiteElo "2266"]
[BlackElo "2423"]
[PlyCount "66"]
[EventDate "2012.07.07"]

1. e4 c5 2. Nf3 Nc6 3. d4 cxd4 4. Nxd4 e6 5. Nb5 d6 6. c4 Nf6 7. N1c3 a6 8. Na3
b6 9. Be3 Bb7 10. Be2 Be7 11. f3 O-O 12. O-O Re8 13. Rc1 d5 14. cxd5 exd5 15.
Nxd5 Nxd5 16. Qxd5 Qxd5 17. exd5 Nb4 18. d6 Bxd6 19. Nc4 Bc7 20. Rfe1 Nd5 21.
Bd4 b5 22. Nd2 Bf4 23. Rcd1 Nb4 24. g3 Bh6 25. f4 Nc2 26. Be5 Nxe1 27. Rxe1
Rad8 28. Nb3 g6 29. Nc5 Bc8 30. Ne4 Bg7 31. Bf6 Rxe4 32. Bxd8 Bd4+ 33. Kg2 Bg4
0-1

[Event "87th ch-Paris IdF open FIDE"]
[Site "Paris"]
[Date "2012.07.08"]
[Round "2.8"]
[White "Shirazi, Kamran"]
[Black "Berthier, Hugo"]
[Result "1-0"]
[WhiteElo "2417"]
[BlackElo "2202"]
[PlyCount "86"]
[EventDate "2012.07.07"]

1. e4 c5 2. Nf3 d6 3. d4 cxd4 4. Nxd4 Nf6 5. Nc3 a6 6. Bg5 e6 7. Qe2 Nbd7 8. f4
Qc7 9. O-O-O Be7 10. g3 b5 11. a3 Bb7 12. Bg2 Qc4 13. Qxc4 bxc4 14. Rhe1 O-O
15. Bh3 Rfe8 16. e5 dxe5 17. Nxe6 Bf3 18. Nc7 Bxd1 19. Rxd1 h6 20. Bxf6 Nxf6
21. fxe5 Nh7 22. e6 Ng5 23. Bg2 Rac8 24. exf7+ Kxf7 25. Bd5+ Kg6 26. Nxe8 Rxe8
27. h4 Nh3 28. Bxc4 Bc5 29. Bxa6 Re3 30. Bd3+ Kh5 31. Ne4 Ba7 32. Kd2 Kg4 33.
Rf1 Rxg3 34. Nxg3 Kxg3 35. h5 Nf4 36. Rxf4 Kxf4 37. Bg6 Be3+ 38. Kc3 Bc1 39. a4
Ke5 40. b4 Kd6 41. Kb3 Be3 42. c4 Kc6 43. c5 Kd5 1-0

[Event "87th ch-Paris IdF open FIDE"]
[Site "Paris"]
[Date "2012.07.08"]
[Round "2.9"]
[White "Billon, Olivier"]
[Black "Song, Julien"]
[Result "0-1"]
[WhiteElo "2229"]
[BlackElo "2398"]
[PlyCount "96"]
[EventDate "2012.07.07"]

1. e4 e6 2. d4 d5 3. Nc3 Nf6 4. Bg5 dxe4 5. Nxe4 Be7 6. Bxf6 gxf6 7. Nf3 f5 8.
Nc3 a6 9. Qd2 b5 10. O-O-O Qd6 11. Qh6 Nd7 12. Bd3 b4 13. Ne2 Bb7 14. Ng3 O-O-O
15. Kb1 Rhg8 16. d5 exd5 17. Qxh7 Bf6 18. Bxf5 Kb8 19. Bxd7 Qxd7 20. Ne4 Qe7
21. Nxf6 Qxf6 22. Qh4 Qxh4 23. Nxh4 d4 24. Rhg1 c5 25. f3 Rh8 26. g3 Bd5 27. b3
Kc7 28. Rge1 a5 29. Re7+ Rd7 30. Rde1 Be6 31. Rxd7+ Kxd7 32. f4 a4 33. Re5 Kc6
34. Kb2 Rd8 35. Nf5 d3 36. cxd3 Rxd3 37. bxa4 Rd2+ 38. Kc1 Rxh2 39. g4 Rxa2 40.
a5 Rxa5 41. Nd4+ Kd6 42. Nxe6 fxe6 43. g5 Ra2 44. Re3 Rf2 45. Re4 b3 46. Kb1
Kd5 47. Re5+ Kd4 48. g6 c4 0-1

[Event "87th ch-Paris IdF open FIDE"]
[Site "Paris"]
[Date "2012.07.08"]
[Round "2.10"]
[White "Kirk, Ezra"]
[Black "Payen, Arnaud"]
[Result "1-0"]
[WhiteElo "2216"]
[BlackElo "2351"]
[PlyCount "79"]
[EventDate "2012.07.07"]

1. d4 d5 2. c4 e6 3. Nc3 Nf6 4. Nf3 Be7 5. Bg5 h6 6. Bxf6 Bxf6 7. e3 O-O 8. Qd2
Nc6 9. O-O-O dxc4 10. Bxc4 a6 11. Kb1 e5 12. d5 Ne7 13. Ka1 Nf5 14. Bd3 Nd6 15.
Rhg1 g6 16. g4 Bg7 17. Qc2 Qe7 18. g5 h5 19. Nd2 Bg4 20. f3 Bd7 21. Nde4 Nf5
22. Qe2 c6 23. d6 Qd8 24. Bc4 Kh8 25. Nc5 b6 26. Nxd7 Qxd7 27. Ne4 b5 28. Bb3
Qa7 29. Rge1 c5 30. Bc2 Rad8 31. Rd5 c4 32. f4 Qb7 33. Red1 Nd4 34. exd4 Qxd5
35. dxe5 Qc6 36. Nf6 b4 37. f5 b3 38. fxg6 fxg6 39. Bxg6 Rxf6 40. gxf6 1-0

[Event "87th ch-Paris IdF open FIDE"]
[Site "Paris"]
[Date "2012.07.08"]
[Round "2.11"]
[White "Le Roux, Jean-Pierre"]
[Black "Lorscheid, Gerhard"]
[Result "1-0"]
[WhiteElo "2559"]
[BlackElo "2259"]
[PlyCount "49"]
[EventDate "2012.07.07"]

1. e4 d6 2. Nc3 Nf6 3. f4 d5 4. e5 d4 5. Nce2 Nd5 6. Nxd4 Nxf4 7. Ngf3 Bg4 8.
Nb3 Qd5 9. d4 Qe4+ 10. Kf2 e6 11. h3 Bxf3 12. Qxf3 Qxf3+ 13. Kxf3 Ng6 14. Na5
b6 15. Bb5+ Kd8 16. Nc6+ Nxc6 17. Bxc6 Rb8 18. Rf1 Be7 19. Be3 Rf8 20. Rad1 Kc8
21. c4 f6 22. exf6 Rxf6+ 23. Ke4 Rxf1 24. Rxf1 Bf6 25. g4 1-0

[Event "87th ch-Paris IdF open FIDE"]
[Site "Paris"]
[Date "2012.07.08"]
[Round "2.12"]
[White "Borisov, Yuri"]
[Black "Shchekachev, Andrei"]
[Result "1-0"]
[WhiteElo "2277"]
[BlackElo "2528"]
[PlyCount "61"]
[EventDate "2012.07.07"]

1. e4 c5 2. Nc3 a6 3. a4 Nc6 4. f4 e6 5. Bc4 Nge7 6. d3 d5 7. Ba2 Nb4 8. Bb1
Nec6 9. Nf3 Be7 10. O-O O-O 11. Ne2 Qb6 12. Be3 Rd8 13. Qe1 Qc7 14. Qf2 d4 15.
Bd2 b6 16. Ng3 c4 17. dxc4 Bc5 18. Ne1 d3 19. Be3 dxc2 20. Bxc2 Na5 21. Bxc5
Qxc5 22. Qxc5 bxc5 23. b3 Nxc2 24. Nxc2 Nxb3 25. Rfd1 Bb7 26. Rxd8+ Rxd8 27.
Rb1 Na5 28. Ne3 Kf8 29. f5 Ke7 30. Rb6 Rd6 31. f6+ 1-0

[Event "87th ch-Paris IdF open FIDE"]
[Site "Paris"]
[Date "2012.07.08"]
[Round "2.13"]
[White "Le Quang, Kim"]
[Black "Renet, Olivier"]
[Result "1/2-1/2"]
[WhiteElo "2282"]
[BlackElo "2472"]
[PlyCount "72"]
[EventDate "2012.07.07"]

1. c4 Nf6 2. g3 c6 3. Nf3 g6 4. b3 Bg7 5. Bb2 d6 6. Bg2 O-O 7. O-O Nbd7 8. d4
Re8 9. Nc3 e5 10. e4 exd4 11. Nxd4 Nc5 12. Qc2 a5 13. h3 Qb6 14. Rfd1 Nfd7 15.
Nce2 a4 16. Rab1 axb3 17. axb3 Nf6 18. Nc3 Nh5 19. Nce2 Nf6 20. Nc3 Bd7 21. Bc1
Ncxe4 22. Bxe4 Nxe4 23. Nxe4 Bxd4 24. Bb2 Rxe4 25. Qxe4 Bxf2+ 26. Kg2 Bf5 27.
Qf3 Bxb1 28. Qf6 Be4+ 29. Kf1 Kf8 30. Qxd6+ Kg8 31. Qf6 Kf8 32. Qd6+ Kg8 33.
Qf6 Kf8 34. Qh8+ Ke7 35. Qe5+ Kf8 36. Qxe4 Qxb3 1/2-1/2

[Event "87th ch-Paris IdF open FIDE"]
[Site "Paris"]
[Date "2012.07.08"]
[Round "2.14"]
[White "Wirig, Anthony"]
[Black "Bernard, Christophe (*52)"]
[Result "1/2-1/2"]
[WhiteElo "2452"]
[BlackElo "2290"]
[PlyCount "79"]
[EventDate "2012.07.07"]

1. e4 c5 2. Nf3 d6 3. d4 cxd4 4. Nxd4 Nf6 5. Nc3 Nc6 6. Bg5 e6 7. Qd2 Be7 8.
O-O-O O-O 9. f3 a6 10. h4 Qc7 11. g4 Rd8 12. Qe1 Nxd4 13. Rxd4 b5 14. Be3 Rb8
15. g5 Nd7 16. f4 Nc5 17. a3 Bd7 18. b4 Rdc8 19. Bd3 Nxd3+ 20. Rxd3 a5 21. Bd4
axb4 22. axb4 Ra8 23. Kd2 d5 24. exd5 Qxf4+ 25. Qe3 Qxe3+ 26. Kxe3 Bxb4 27.
dxe6 Bxe6 28. Rb1 Ba5 29. Nxb5 Bc4 30. Nd6 Bxd3 31. Nxc8 Bxc2 32. Ra1 Bb3 33.
Bc3 Rxc8 34. Bxa5 f6 35. gxf6 gxf6 36. Rb1 Bd5 37. Rd1 Rc5 38. Bb6 Rb5 39. Bd4
Rb3+ 40. Rd3 1/2-1/2

[Event "87th ch-Paris IdF open FIDE"]
[Site "Paris"]
[Date "2012.07.08"]
[Round "2.15"]
[White "Player, Edmund C"]
[Black "Moussard, Jules"]
[Result "0-1"]
[WhiteElo "2220"]
[BlackElo "2412"]
[PlyCount "88"]
[EventDate "2012.07.07"]

1. e4 c5 2. Nc3 g6 3. g3 Bg7 4. Bg2 Nc6 5. d3 e6 6. Be3 d6 7. Qd2 Nd4 8. Nd1 b6
9. h3 Bb7 10. c3 Nc6 11. Ne2 h6 12. O-O Nge7 13. d4 Qc7 14. b4 cxd4 15. cxd4
Qd7 16. a3 d5 17. e5 Nf5 18. Ndc3 O-O 19. g4 Nxe3 20. Qxe3 f6 21. f4 Ne7 22.
Qd3 Rac8 23. Rac1 Rc4 24. Nb1 Rfc8 25. Nd2 Rxc1 26. Rxc1 Rxc1+ 27. Nxc1 fxe5
28. fxe5 Qc8 29. Ne2 g5 30. Ng3 Qe8 31. Nh5 Bh8 32. Qf3 Qg6 33. Nc4 Nc6 34. Nd6
Nxd4 35. Qf2 Bxe5 36. Nxb7 Qb1+ 37. Bf1 Nc2 38. Kh1 Ne3 39. Kg1 Bd4 40. Nf6+
Kh8 41. Kh1 Nxf1 42. Qxd4 Ne3+ 43. Kh2 Qc2+ 44. Kg3 Qg2# 0-1

[Event "87th ch-Paris IdF open FIDE"]
[Site "Paris"]
[Date "2012.07.08"]
[Round "2.16"]
[White "Sochacki, Christophe"]
[Black "Loiret, Stanislas"]
[Result "1-0"]
[WhiteElo "2406"]
[BlackElo "2231"]
[PlyCount "47"]
[EventDate "2012.07.07"]

1. e4 c5 2. Nf3 g6 3. d4 cxd4 4. Nxd4 Bg7 5. Nc3 Nc6 6. Be3 Nf6 7. Bc4 d6 8. f3
a6 9. Qd2 Na5 10. Bb3 b5 11. g4 Bb7 12. h4 h5 13. gxh5 Rxh5 14. O-O-O Qc7 15.
Kb1 Nc4 16. Bxc4 Qxc4 17. Nce2 Rc8 18. Rh2 Qc7 19. Nf4 Re5 20. Rg1 d5 21. h5
dxe4 22. hxg6 exf3 23. gxf7+ Kxf7 24. Rxg7+ 1-0